Statistics for NCAA FOOTBALL TEAMS BY STATE (O)

Click here to take the quiz!

General Stats

  • This quiz has been taken 50 times
  • The average score is 10 of 13

Answer Stats

HintAnswer% Correct
OhioOhio Bobcats
100%
OhioOhio State Buckeyes
98%
OklahomaOklahoma Sooners
95%
OregonOregon Ducks
95%
OklahomaOklahoma State Cowboys
93%
OregonOregon State Beavers
90%
OklahomaTulsa Golden Hurricane
78%
OhioAkron Zips
73%
OhioCincinnati Bearcats
71%
OhioToledo Rockets
71%
OhioMiami (OH) Redhawks
61%
OhioBowling Green Falcons
51%
OhioKent State Golden Flashes
46%

Score Distribution

Percentile by Number Answered

Percent of People with Each Score

Your Score History

You have not taken this quiz